Songs from the First Line(s) - 1998 - Statistics

General Stats
  • This quiz has been taken 91 times
  • The average score is 11 of 30
Answer Stats
Hint Answer % Correct
Songs Oh, baby, baby / How was I supposed to know / That something wasn't right here? / Oh, baby, baby / I shouldn't have let you go Artist(s) Britney Spears
82%
Songs Oh, baby, baby / How was I supposed to know / That something wasn't right here? / Oh, baby, baby / I shouldn't have let you go Song ...Baby One More Time
75%
Songs I could stay awake just to hear you breathing / Watch you smile while you are sleeping / While you're far away and dreaming Artist(s) Aerosmith
67%
Songs I could stay awake just to hear you breathing / Watch you smile while you are sleeping / While you're far away and dreaming Song I Don't Want To Miss A Thing
62%
Songs And I'd give up forever to touch you / 'Cause I know that you feel me somehow / You're the closest to heaven that I'll ever be Song Iris
54%
Songs When I first saw you, I saw love / And the first time you touched me, I felt love / And after all this time / You're still the one I love Song You're Still The One
54%
Songs When I first saw you, I saw love / And the first time you touched me, I felt love / And after all this time / You're still the one I love Artist(s) Shania Twain
53%
Songs I do swear that I'll always be there / I'd give anything and everything and I will always care / Through weakness and strength, happiness and sorrow, for better for worse, I will love you with every beat of my heart Artist(s) Shania Twain
53%
Songs And I'd give up forever to touch you / 'Cause I know that you feel me somehow / You're the closest to heaven that I'll ever be Artist(s) Goo Goo Dolls
50%
Songs After love, after love [repeat] / No matter how hard I try / You keep pushing me aside / And I can't break through / There's no talking to you Song Believe
47%
Songs You only see what your eyes want to see / How can life be what you want it to be / You're frozen / When your heart's not open Artist(s) Madonna
47%
Songs After love, after love [repeat] / No matter how hard I try / You keep pushing me aside / And I can't break through / There's no talking to you Artist(s) Cher
46%
Songs It's the hard knock life for us / It's the hard knock life for us / Instead of treated, we get tricked / Instead of kisses, we get kicked Artist(s) Jay-Z
46%
Songs Adia, I do believe I failed you / Adia, I know I've let you down / Don't you know I tried so hard / To love you in my way? / It's easy / Let it go Song Adia
43%
Songs You only see what your eyes want to see / How can life be what you want it to be / You're frozen / When your heart's not open Song Frozen
42%
Songs Hell is gone and heaven's here / There's nothing left for you to fear / Shake your a** come over here / Now scream Artist(s) Robbie Williams
33%
Songs Hell is gone and heaven's here / There's nothing left for you to fear / Shake your a** come over here / Now scream Song Let Me Entertain You
32%
Songs Adia, I do believe I failed you / Adia, I know I've let you down / Don't you know I tried so hard / To love you in my way? / It's easy / Let it go Artist(s) Sarah McLachlan
30%
Songs Spend all your time waiting / For that second chance / For a break that would make it okay / There's always some reason / To feel not good enough Artist(s) Sarah McLachlan
30%
Songs Spend all your time waiting / For that second chance / For a break that would make it okay / There's always some reason / To feel not good enough Song Angel
24%
Songs On your mark ready set let's go, dance floor pro / I know you know I go psycho (Woo) / When my new joint hit, just can't sit Artist(s) Will Smith
22%
Songs On your mark ready set let's go, dance floor pro / I know you know I go psycho (Woo) / When my new joint hit, just can't sit Song Gettin' Jiggy Wit It
21%
Songs I do swear that I'll always be there / I'd give anything and everything and I will always care / Through weakness and strength, happiness and sorrow, for better for worse, I will love you with every beat of my heart Song From This Moment On
20%
Songs Many nights we prayed / With no proof, anyone could hear / In our hearts a hope for a song / We barely understood / Now we are not afraid Artist(s) Whitney Houston / Mariah Carey
18%
Songs Yo, remember back on the boogie when cats used to harmonize like, you know? / Yo, my men and my women don't forget about the deen Artist(s) Lauryn Hill
13%
Songs Many nights we prayed / With no proof, anyone could hear / In our hearts a hope for a song / We barely understood / Now we are not afraid Song When You Believe
13%
Songs Yo, remember back on the boogie when cats used to harmonize like, you know? / Yo, my men and my women don't forget about the deen Song Doo Wop (That Thing)
11%
Songs It's the hard knock life for us / It's the hard knock life for us / Instead of treated, we get tricked / Instead of kisses, we get kicked Song Hard Knock Life (Ghetto Anthem)
11%
Songs Love, love is a verb / Love is a doing word / Fearless on my breath / Gentle impulsion / Shakes me, makes me lighter / Fearless on my breath Artist(s) Massive Attack
4%
Songs Love, love is a verb / Love is a doing word / Fearless on my breath / Gentle impulsion / Shakes me, makes me lighter / Fearless on my breath Song Teardrop
4%
No matching quizzes found
Score Distribution
Percent of People with Each Score
Percentile by Number Answered
Your Score History
You have not taken this quiz